Prefactibilidad técnica y económica para la producción de xilitol a partir del bagazo de la caña de azúcar
Guardado en:
| 主要作者: | |
|---|---|
| 格式: | 圖書 |
| 出版: |
San José, Costa Rica
2010
|
| 主題: | |
| 標簽: |
添加標簽
沒有標簽, 成為第一個標記此記錄!
|
MARC
| LEADER | 00000nam a2200000Ia 4500 | ||
|---|---|---|---|
| 003 | 010500 | ||
| 005 | 20221231144040.0 | ||
| 008 | 140114s2010 cr a 000 ||s d | ||
| 040 | |c cru CEDI | ||
| 090 | |a TFG 6086 | ||
| 100 | |a Horna Sánchez, Carol |9 3244 | ||
| 245 | |a Prefactibilidad técnica y económica para la producción de xilitol a partir del bagazo de la caña de azúcar | ||
| 260 | |c 2010 |b San José, Costa Rica | ||
| 500 | |a Tesis (licenciatura en ingeniería química)--Universidad de Costa Rica. Facultad de Ingeniería. Escuela de Ingeniería Química | ||
| 650 | |x XILITOL |x PRODUCCION |x BAGAZO DE CAÑA |x ANALISIS QUIMICO |x ASPECTOS ECONOMICOS |9 3245 | ||
| 942 | |c TFG | ||
| 999 | |c 16129 |d 16129 | ||
